Регионална библиотека "Любен Каравелов" - Русе

Опустошенията на дяволското гробище : Кн. 6 за чудатите деца на Мис Перигрин за чудати деца (Запис номер 418243)

MARC детайли
000 -Лидер
Контролно поле с фиксирана дължина 01454nam a2200313 a 4500
003 - Код на организацията, давaща контролен номер
Контролно поле BLK
005 - Дата и час на последна редакция
Контролно поле 20240307155255.0
008 - Елементи от данни с фиксирана дължина
fixed length control field 180410b bul|||||r ||||||| ||bul||
010 ## - Наследен системен номер
LC control number KNG00161064000
020 ## - Международен стандартен номер на книга ISBN
Международен стандартен номер на книга ISBN 9786190300656
040 ## - Източник на каталожния запис
Идентификатор на билиотеката - собственик на записа BLK
041 ## - Код за език
Код за езика на текст/звукозапис или на отделно заглавие Български
Код за езика КДБФ Български
072 #7 - Код за тематичната категория
Код организация bullib
Код за тематична категория Н83
Текст Чужда художествена литература Н
080 ## - УДК
Текстов определител УДК Американска литература (на САЩ)
УДК код - определител по УДК 821.111(73)
УДК определител -312.9
УДК - код + определител 821.111(73)-312.9
100 1# - Редна дума - Автор
Автор Ригс, Рансъм
Авторска отговорност първи автор
R(LIN) 332447
139 ## - Редно поле
Редна дума Ригс, Рансъм
Авторски знак Ри - Р 58
245 10 - Сведения за заглавието
Заглавие Опустошенията на дяволското гробище : Кн. 6 за чудатите деца на Мис Перигрин за чудати деца
Подзаглавни данни Роман
Редно поле (дума) Рансъм Ригс; прев. от англ. Стефан Теодосиев.
257 ## - Страна на издаване
Страна на създаване/издаване Съединени американски щати
260 ## - Област на издателските данни
Място на издаване, разпространение и проч. София
Име на издателя, разпространителя и проч. Бард
Година на издаване 2021
300 ## - Физическа характеристика
Страници 458 с.
Размери/Мащаб 21 см
380 ## - Жанр
Жанр Худож. лит.
500 ## - Общи забележки
Забележка Ориг. загл. The Desolations of Devil's Acre / Ransom Riggs. - Кн. 6 за чудатите деца на мис Перигрин.
700 ## - Други автори (авторска отговорност)
Лично име Теодосиев, Стефан
Пълна форма на името Божилов, Венцислав Божидаров
Автороска отговорност (Описва отношението между автора и произведението) прев. от англ.
9 (RLIN) 436518
852 ## - Местоположение
Форматна сигнатура Цб 311705
Фондова буква Хранилище
999 ## - СИСТЕМНИ КОНТРОЛНИ НОМЕРА
Koha biblionumber 418243
Koha biblioitemnumber 418243
942 ## - АРТИКУЛИ
Вид на библиотечния материал Книги
Скрит в OPAC Не
Периодичен библиозапис Да
Koha issues (borrowed), all copies 4
944 ## - СЪЗДАВАНЕ И РЕДАКЦИЯ на ЗАПИСА
Създаване/Редакция Създаване
Дата на регистрацията/редакция 2020-10-16
Служител, извършил регистрацията/редакцията 30545
Статус, дата на статуса Нора Радева
944 ## - СЪЗДАВАНЕ И РЕДАКЦИЯ на ЗАПИСА
Създаване/Редакция Редакция
Дата на регистрацията/редакция 2022-03-16
Служител, извършил регистрацията/редакцията СТ
999 ## - СИСТЕМНИ КОНТРОЛНИ НОМЕРА
Koha biblioitemnumber 418243
Наличности
Код за отписване Код за изгубен артикул Източник на класификационната схема Код за повреда Коз за рестрикции Код за отдаване Артикулен № Име на библиотеката - собственик Име на библиотеката, в която се намира в момента Статус (Текущо местоположение) Дата на вписване в системата Местоположение - отдел Цена в лева Систематично азбучна сигнатура Баркод Цена в евро Служебен тип на артикула
  Не е изгубен Universal Decimal Classification Не е повреден без рестрикции заемане за дома 838081 Регионална библиотека "Любен Каравелов" Русе Регионална библиотека "Любен Каравелов" Русе Заемна - подръчен фонд 2021-06-18 Заемна - подръчен фонд 22.49 821-31/Р 58 Р 120000857020 11.50 Книги
  Не е изгубен Universal Decimal Classification Не е повреден без рестрикции заемане за дома 838082 Регионална библиотека "Любен Каравелов" Русе Регионална библиотека "Любен Каравелов" Русе Заемна - подръчен фонд 2021-06-18 Заемна - подръчен фонд 22.49 821-31/Р 58 Р 120000857021 11.50 Книги
  Не е изгубен Universal Decimal Classification Не е повреден само за читалня ползва се в читалня 877338 Регионална библиотека "Любен Каравелов" Русе Регионална библиотека "Любен Каравелов" Русе Хранилище 2022-03-21 Хранилище 29.99 Цб 311705 120000869770 15.33 Книги
Vip Innovations Ltd, Rousse, Bulgaria 2025